| 000 | 00447pam a2200181 a 4500 | ||
|---|---|---|---|
| 020 | _a0834803305 | ||
| 040 | _cDLC | ||
| 082 | 0 | 0 | _a821 WEA 1995 A092 Or. |
| 100 | 1 | _aHoriuchi, Toshimi, | |
| 245 | 1 | 0 |
_aOasis in the heart : _bhaiku with exposition / |
| 250 | _a1st ed. | ||
| 260 |
_aNew York : _bWeatherhill, _c1995. |
||
| 300 |
_axxviii, 124 p. ; _c21 cm. |
||
| 650 | 0 | _aHaiku, American. | |
| 650 | 0 | _aNature | |
| 650 | 0 | _aHaiku | |
| 942 | _cEK | ||
| 999 |
_c11627 _d11627 |
||